| 000 | 00480nam a2200157 a 4500 | ||
|---|---|---|---|
| 001 | 000030723 | ||
| 005 | 20200930062455.0 | ||
| 008 | 110526s1959 dr 000 0 spa d | ||
| 040 |
_aDO-SdBNP _bspa _cBNPHU |
||
| 041 | 1 | 7 | _aeng |
| 245 | 0 | 0 |
_aWhy Dominicans call him : _bel benefactor. |
| 260 |
_aSanto Domingo : _bThe Ferald of the Dominican Republic, _c1959. |
||
| 300 | _a22 cmm. | ||
| 500 | _aIncluye referencias bibliográficas y notas al pie de las páginas | ||
| 049 | _aBNPD | ||
| 999 |
_c30215 _d30215 |
||